00662nam a2200169 a 450000100100000000500170001000800410002704000250006808200150009311001060010824500570021426000620027130000200033304900090035395201130036299900170047500003028020200930060208.0110126s1957 dr 000 | spa d aDO-SdBNPbspacBNPHU axxxbR426v1 aRepública Dominicana.bBanco de crédito agricola e industrial de la República Dominicana95695810aVentajas de las inversiones en cedulas hipotecarias. aCiudad Trujillo, República Dominicana :b[s.n.],c1957. a19 p. ;c23 cm. aBNPD 0010718PDaPDbPDcCTd2011-05-09iLF1l0oxxx R426vp30280-10r2020-06-25w2020-06-25yLFPDZNo se presta c29772d29772